000 02532cam a22002054a 4500
005 20250605164140.0
008 250528s ||||||||||||||||||||||||d
035 _a18949
020 _a9697270053
040 _aGR-AtMCL
_bgre
_dGR-AtMCL
_eAACR2
245 1 _aΓραφιστική και Διαφήμιση / Για Γραφίστες, Μακετίστες, Διαφημιστές
260 _bΟργανισμός Δημητρέλη - Εξειδικευμένες Εκδόσεις,
_c1992
300 _a198
505 0 _aΠρόλογος, Εισαγωγή, Ιστορία και Εξέλιξη, Η Ιστορία των Γραφικών Τεχνών, Ο Εξοπλισμός του Γραφίστα, Τεχνικές Σχεδίασης, Η Τεχνική του Αερογράφου, Τεχνικές Παραγωγής, Στοιχειοθεσία, Layout, Η Κατασκευή του Κασέ, Δοκίμια (Proofs), Φωτοαντίγραφα και Φωτοτυπίες, Μέθοδοι Αναπαραγωγής, Το Χαρτί, Διαδικασία Εκτύπωσης, Παραγωγή Βιβλίου, Οργάνωση της Δουλειάς, Στάδια Εργασίας, Εφαρμογές, Εμπορικά Σήματα (Trademarks), Αφίσα, Συσκευασία, Διαφήμιση, Βασικές Αρχές, Τα MEDIA, Το Διαφημιστικό Γραφείο, Το Διαφημιστικό Στυλ, Βιβλιογραφία.
520 _aΠρόλογος, Εισαγωγή, Ιστορία και Εξέλιξη, Η Ιστορία των Γραφικών Τεχνών, Ο Εξοπλισμός του Γραφίστα, Τεχνικές Σχεδίασης, Η Τεχνική του Αερογράφου, Τεχνικές Παραγωγής, Στοιχειοθεσία, Layout, Η Κατασκευή του Κασέ, Δοκίμια (Proofs), Φωτοαντίγραφα και Φωτοτυπίες, Μέθοδοι Αναπαραγωγής, Το Χαρτί, Διαδικασία Εκτύπωσης, Παραγωγή Βιβλίου, Οργάνωση της Δουλειάς, Στάδια Εργασίας, Εφαρμογές, Εμπορικά Σήματα (Trademarks), Αφίσα, Συσκευασία, Διαφήμιση, Βασικές Αρχές, Τα MEDIA, Το Διαφημιστικό Γραφείο, Το Διαφημιστικό Στυλ, Βιβλιογραφία.
700 1 _aΔημητρέλης Λεωνίδας-Δάκης
_94838
942 _cBK
999 _c4246
_d4246